000 nam a22 a 4500
999 _c56029
_d56029
003 BLK
005 20230428161230.0
008 180408b bul|||||r ||||||| ||bul||
010 _aKNG00060006000
040 _aBLK
041 _aBUL
_cBUL
080 _aИзточни бойни изкуства - Джиу-джиц, джудо, кит. борба, айкидо, самбо, карате, сумо и др.
_b796.85
_x(035)
_z796.85(035)
100 1 _aДянков, Явор
_eпърви автор
_9286577
139 _aДянков, Явор
_bД 99
245 1 0 _aДжу-Джуцу
_bСамоотбрана за всеки
_cЯвор Дянков.
257 _aBGR
260 _aСофия
_bПлеяда 7
_c1993
300 _a189 с.
_c24 см
380 _a79
490 _aБудобиблиотека
_9207264
500 _a20 080 тир.
852 _aЦб 174137
_bЦб
856 4 _qpdf
_i0.00
_ldisable
856 4 _qpdf
_i0.00
_ldisable
942 _cKNG
_n0
_01
_s1
944 _aCR
_c13.06.2004
_lф /
_kСимона_Петрова
944 _aED
_c03.04.2014
_lф /
999 _d56029